| 000 | 00701nam a2200205Ia 4500 | ||
|---|---|---|---|
| 003 | GCL | ||
| 008 | 140319s9999 xx 000 0 eng d | ||
| 020 | _a0201622424 | ||
| 040 |
_aGCL / _cGCL |
||
| 082 | 0 | 4 |
_a305.8924073 _bG J |
| 100 | 1 | _aGOLDBERG, J.J | |
| 245 | 1 | 0 |
_aJEWISH POWER : _bINSIDE THE AMERICAN JEWISH ESTABLISHMENT / _cGOLDBERG, J.J |
| 260 |
_aنيويورك : _bADDISON - WESLEY PUBLISHING COMPANY ، _c1996 |
||
| 300 |
_a24 CM ؛ _cXXVI,422 P |
||
| 650 | 0 | 4 | _aUNITED STATES - ETHIC RELATIONS |
| 650 | 0 | 4 | _aJEWS - UNITED STATES - POLITICS AND GOVERNMENT |
| 650 | 0 | 4 | _aJEWS IN PUBLIC LIFE - UNITED STATES |
| 650 | 0 | 4 | _aJEWS - UNITED STATES - ATTITUDES TOWARD ISRAEL |
| 942 |
_2ddc _cBK |
||
| 999 |
_c7439 _d7439 |
||